000 00244nmm a2200085Ia 4500
008 220120s9999||||xx |||||||||||||||||und||
100 _aDigit
245 0 _aSKOAR; the first digital edition of skoar, an interactive ,
260 _aNine dot Nine
_c2013
999 _c139846
_d139846